书目信息 |
| 题名: |
共青团理论教程
|
|
| 作者: | 邱伟光 主编 | |
| 分册: | ||
| 出版信息: | 上海 上海人民出版社 1991 |
|
| 页数: | 203页 | |
| 开本: | 20cm | |
| 丛书名: | ||
| 单 册: | ||
| 中图分类: | D296.19 | |
| 科图分类: | ||
| 主题词: | 中国共产党 | |
| 电子资源: | ||
| ISBN: | 7-208-01219-9 | |
| 000 | 00557nam0 2200193 450 | |
| 001 | 0752064651 | |
| 005 | 20070726090620.23 | |
| 010 | @a7-208-01219-9@dCNY2.30 | |
| 100 | @a20070720d1991 km y0chiy0120 ea | |
| 101 | 0 | @achi |
| 102 | @aCN@b310000 | |
| 200 | 1 | @a共青团理论教程@Agong qing tuan li lun jiao cheng@f邱伟光主编@Fqiu wei guang zhu bian |
| 210 | @a上海@c上海人民出版社@d1991 | |
| 215 | @a203页@d20cm | |
| 606 | 0 | @a中国共产党 |
| 690 | @aD296.19@v3 | |
| 701 | 0 | @a邱伟光@Aqiu wei guang@4主编 |
| 801 | 0 | @aCN@bPFT@c20070726 |
| 905 | @a10447@dD296.19@e31 | |
| 共青团理论教程/邱伟光主编.-上海:上海人民出版社,1991 |
| 203页;20cm |
| ISBN 7-208-01219-9:CNY2.30 |
| ● |
| 相关链接 |
|
|
|
|
正题名:共青团理论教程
索取号:D296.19/31
 
预约/预借
| 序号 | 登录号 | 条形码 | 馆藏地/架位号 | 状态 | 备注 |
| 1 | 0767624 | 207676246 | 第一样本阅览室/ [索取号:D296.19/31] | 在馆 |